Online Catalogue and eLibrary

Women's action almanac : (Record no. 56)

MARC details
000 -LEADER
fixed length control field 00715cam a2200229 i 4500
001 - CONTROL NUMBER
control field 3226663
005 - DATE AND TIME OF LATEST TRANSACTION
control field 20231122234529.0
008 - FIXED-LENGTH DATA ELEMENTS--GENERAL INFORMATION
fixed length control field 790613t19791980nyua bdrs 001 0 eng
020 ## - INTERNATIONAL STANDARD BOOK NUMBER
ISBN 0688035256
020 ## - INTERNATIONAL STANDARD BOOK NUMBER
ISBN 0688085253 (pbk.)
040 ## - CATALOGING SOURCE (பட்டியலாக்க மூலம்)
Original cataloging agency DLC
Transcribing agency DLC
Modifying agency DLC
082 00 - DDC Classification
Class No. 362.8
DDC Edition Number 22
245 10 - TITLE STATEMENT
Title Women's action almanac :
Remainder of title a complete resource guide /
Statement of responsibility, etc. by The Women's Action Alliance ; edited by Jane Williamson, Diane Winston and Wanda Wooten.
250 ## - EDITION STATEMENT
Edition statement 1st ed.
260 ## - PUBLICATION, DISTRIBUTION, ETC.
Place of publication, distribution, etc. New York :
Name of publisher, distributor, etc. Morrow,
Date of publication, distribution, etc. 1979, 1980.
300 ## - PHYSICAL DESCRIPTION
Extent (e.g. Volumes, Pages etc.) 432 p. :
650 #0 - SUBJECT ADDED ENTRY--TOPICAL TERM
Topical term or geographic name entry element Women's encyclopedias and dictionaries.
700 1# - ADDED ENTRY--PERSONAL NAME
Personal name Williamson, Jane,
Relator term (Role) Editor
700 1# - ADDED ENTRY--PERSONAL NAME
Personal name Winston, Diane.
Relator term (Role) Editor
700 1# - ADDED ENTRY--PERSONAL NAME
Personal name Wooten, Wanda.
Relator term (Role) Editor
942 ## - Koha item type (Biblio)
Koha item type Books in Stacks (Lending)
Holdings
Lost status Damaged status Collection code Home library Current library Date acquired Full call number Accession Number Item type
    Lending WERC Library WERC Library 11/23/2023 362.8 36 Books in Stacks (Lending)

© WERC Library